000 00717nam a2200217Ia 4500
005 20231107143204.0
008 140110s9999 xx 000 0 und d
020 _a9788184571080
_cRs.695.00
040 _aLoreto College
041 _aEnglish
082 _a320.954
_bPAR
100 _aPardhasaradhi, Y.
245 _aE-governance and Indian society
_b An impact study of Andhra Pradesh,Karnataka & Kerala
_cY.Pardhasaradhi with Rakesh Chetal, Namita Gupta
260 _aNew Delhi
_bKanishka Publishers, Distributors
_c2009
300 _a249p.
504 _aIncludes bibliographical references and index
650 _aIndia-Politics and Society
700 _aChetal, Rakesh
850 _aLCLIB
942 _cBK
999 _c37024
_d87503